Managerial decision modeling with spreadsheets / (Record no. 20584)

MARC details
000 -LEADER
fixed length control field 00694nam a22002297a 4500
003 - CONTROL NUMBER IDENTIFIER
control field OSt
008 - FIXED-LENGTH DATA ELEMENTS--GENERAL INFORMATION
fixed length control field 240523b2014 |||||||| |||| 00| 0 eng d
020 ## - INTERNATIONAL STANDARD BOOK NUMBER
International Standard Book Number 9789332518216
082 ## - DEWEY DECIMAL CLASSIFICATION NUMBER
Classification number 658.4032
Item number BAL-M
100 ## - MAIN ENTRY--PERSONAL NAME
Personal name Balakrishnan, Nagraj
245 ## - TITLE STATEMENT
Title Managerial decision modeling with spreadsheets /
Statement of responsibility, etc Nagraj Balakrishnan, Barry Render and Ralph M. Stair.
250 ## - EDITION STATEMENT
Edition statement 3rd
260 ## - PUBLICATION, DISTRIBUTION, ETC. (IMPRINT)
Place of publication, distribution, etc Chennai :
Name of publisher, distributor, etc Pearson,
Date of publication, distribution, etc 2024.
300 ## - PHYSICAL DESCRIPTION
Extent / Pages 624 p. ;
650 ## - SUBJECT ADDED ENTRY--TOPICAL TERM
Topical term or geographic name as entry element Management science
650 ## - SUBJECT ADDED ENTRY--TOPICAL TERM
Topical term or geographic name as entry element Decision making - Computer simulation
650 ## - SUBJECT ADDED ENTRY--TOPICAL TERM
Topical term or geographic name as entry element Electronic spreadsheets
650 ## - SUBJECT ADDED ENTRY--TOPICAL TERM
Topical term or geographic name as entry element Management - Mathematical models
700 ## - ADDED ENTRY--PERSONAL NAME
Personal name Render, Barry
700 ## - ADDED ENTRY--PERSONAL NAME
Personal name Stair Ralph M.
942 ## - ADDED ENTRY ELEMENTS (KOHA)
Source of classification or shelving scheme
Koha item type Books
Holdings
Withdrawn status Lost status Source of classification or shelving scheme Damaged status Not for loan Home library Current library Date acquired Source of acquisition Currency Cost, normal purchase price Full call number Barcode Date last seen Copy number Bill Date Koha item type Bill Number
          SOBD Library SOBD Library 11/04/2024 Vedi Books INR 1005.00 658.4032 BAL-M1 006108 23/05/2024 1   Reference Books VEDI/24-25/04/12
          SOBD Library SOBD Library 11/04/2024 Vedi Books INR 1005.00 658.4032 BAL-M2 006109 23/05/2024 2   Books VEDI/24-25/04/12
          SOBD Library SOBD Library 11/04/2024 Vedi Books INR 1005.00 658.4032 BAL-M3 006110 23/05/2024 3   Books VEDI/24-25/04/12
          SOBD Library SOBD Library 11/04/2024 Vedi Books INR 1005.00 658.4032 BAL-M4 006111 23/05/2024 4   Books VEDI/24-25/04/12
          SOBD Library SOBD Library 11/04/2024 Vedi Books INR 1005.00 658.4032 BAL-M5 006112 23/05/2024 5   Books VEDI/24-25/04/12
          SOBD Library SOBD Library 11/04/2024 Vedi Books INR 1005.00 658.4032 BAL-M6 006113 23/05/2024 6   Books VEDI/24-25/04/12
          SOBD Library SOBD Library 11/04/2024 Vedi Books INR 1005.00 658.4032 BAL-M7 006114 23/05/2024 7   Books VEDI/24-25/04/12
          SOBD Library SOBD Library 11/04/2024 Vedi Books INR 1005.00 658.4032 BAL-M8 006115 23/05/2024 8   Books VEDI/24-25/04/12
          SOBD Library SOBD Library 11/04/2024 Vedi Books INR 1005.00 658.4032 BAL-M9 006116 23/05/2024 9   Books VEDI/24-25/04/12
          SOBD Library SOBD Library 11/04/2024 Vedi Books INR 1005.00 658.4032 BAL-M10 006117 23/05/2024 10   Books VEDI/24-25/04/12
          SOBD Library SOBD Library 11/04/2024 Vedi Books INR 1005.00 658.4032 BAL-M11 006118 23/05/2024 11   Books VEDI/24-25/04/12
          SOBD Library SOBD Library 11/04/2024 Vedi Books INR 1005.00 658.4032 BAL-M12 006119 23/05/2024 12   Books VEDI/24-25/04/12
Hosted, Implemented, Customized & Maintained by: BestBookBuddies

Powered by Koha